Les pays plus peuplés que la France en 2100 - Statistiques

Statistiques générales
  • Ce quiz a été pris 91 fois
  • Le résultat moyen est 30 sur 42
Statistiques - réponses
Population actuelle (en millions) Population en 2100 (en millions) Pays % Correct
1 425 633 Chine
100%
342 394 États-Unis
98%
1 442 1 530 Inde
98%
83 69 Allemagne
94%
123 74 Japon
93%
218 185 Brésil
91%
129 116 Mexique
91%
144 112 Russie
91%
245 487 Pakistan
90%
47 64 Algérie
89%
106 432 République Démocratique du Congo
88%
28 167 Niger
86%
114 205 Égypte
85%
229 546 Nigeria
85%
280 297 Indonésie
84%
68 70 Royaume-Uni
79%
61 75 Afrique du Sud
78%
86 83 Turquie
76%
175 176 Bangladesh
75%
130 324 Éthiopie
75%
90 80 Iran
75%
49 142 Soudan
69%
47 112 Irak
68%
56 113 Kenya
66%
24 87 Mali
65%
119 180 Philippines
64%
18 62 Sénégal
64%
19 66 Somalie
64%
69 245 Tanzanie
63%
99 91 Viêt Nam
63%
43 130 Afghanistan
58%
30 89 Côte d'Ivoire
56%
38 150 Angola
55%
29 87 Cameroun
50%
50 132 Ouganda
50%
35 106 Mozambique
49%
19 65 Tchad
46%
35 73 Ghana
43%
24 62 Burkina Faso
40%
31 83 Madagascar
40%
21 64 Zambie
39%
35 74 Yémen
26%
Aucun quiz correspondant
Distribution des résultats
% des personnes avec chaque résultat
Percentile par nombre de réponses
Votre historique - résultats
Vous n’avez pas pris ce quiz